Quiz Ateez - Statistiques

Statistiques générales
  • Ce quiz a été pris 111 fois
  • Le résultat moyen est 18 sur 26
Statistiques - réponses
Par images Réponse % Correct
San
100%
Mingi
98%
Wooyoung
98%
Hongjoong
97%
Jongho
97%
Seonghwa
97%
Yeosang
97%
Yunho
97%
Ice on my teeth
86%
Bouncy
85%
Halazia
84%
Wave
81%
Pirate king
80%
Guerilla
71%
Matz
64%
Deja vu
63%
It's you
54%
The black cat nero
51%
Sandeoki
38%
Hetmongi
37%
Wooyonyang
35%
Jjoongrami
33%
Bbyongming
32%
Ddeongbyeoli
31%
Jongbear
30%
Tyudeongi
30%
Aucun quiz correspondant
Distribution des résultats
% des personnes avec chaque résultat
Percentile par nombre de réponses
Votre historique - résultats
Vous n’avez pas pris ce quiz